Score 0/32 Timer 07:00
0 Plays Today
% Correct
New Orleans Saints
99.4%
New England Patriots
98.3%
New York Giants
96.8%
Pittsburgh Steelers
96.7%
Seattle Seahawks
96.3%
Denver Broncos
95.5%
Oakland Raiders
95.2%
Kansas City Chiefs
95.1%
Arizona Cardinals
94.3%
Dallas Cowboys
94.2%
Green Bay Packers
94.1%
Philadelphia Eagles
93.4%
San Francisco 49ers
93.4%
New York Jets
93.3%
Washington Redskins
92.9%
Tampa Bay Buccaneers
92.9%
% Correct
Baltimore Ravens
92.9%
Detroit Lions
92.4%
Houston Texans
92.2%
Los Angeles Chargers
92.2%
Buffalo Bills
92.2%
Miami Dolphins
92%
Minnesota Vikings
92%
Cleveland Browns
92%
Carolina Panthers
91.7%
Cincinnati Bengals
91.7%
Los Angeles Rams
91.5%
Chicago Bears
91%
Jacksonville Jaguars
91%
Atlanta Falcons
90.9%
Indianapolis Colts
90.2%
Tennessee Titans
89.5%

You're not logged in!

Compare scores with friends on all Sporcle quizzes.
OR
Log In

Sporcle TV

Today on Sporcle TV


Watch our educational content, quiz creation guides, and fun videos on Sporcle TV.

Show Comments

Extras

Top Quizzes Today


Score Distribution

Your Account Isn't Verified!

In order to create a playlist on Sporcle, you need to verify the email address you used during registration. Go to your Sporcle Settings to finish the process.

Report this User

Report this user for behavior that violates our Community Guidelines.

Details: